NBA All-Time Records Quiz - Statistics

General Stats
  • This quiz has been taken 78 times
  • The average score is 7 of 7
Answer Stats
Hint Answer % Correct
Most career 3PT shots Steph Curry
100%
Most career points Kareem Abdul-Jabbar
98%
Most career assists John Stockton
95%
Most career steals John Stockton
95%
Most career triple-doubles Russell Westbrook
94%
Most career blocks Hakeem Olajuwon
91%
Most career rebounds Wilt Chamberlain
88%
No matching quizzes found
Score Distribution
Percent of People with Each Score
Percentile by Number Answered
Your Score History
You have not taken this quiz